[Event "BL2-West 9899"]
[Site "Germany"]
[Date "1998.10.18"]
[Round "1.1"]
[White "Chuchelov, Vladimir"]
[Black "Lautier, Joel"]
[Result "1/2-1/2"]
[WhiteElo "2540"]
[BlackElo "2640"]
[Annotator "Chuchelov,V"]
[PlyCount "74"]
[EventDate "1998.10.??"]
[EventType "team-tourn"]
[EventRounds "9"]
[EventCountry "GER"]
[SourceTitle "CBM 068"]
[Source "ChessBase"]
[SourceDate "1999.02.01"]
[SourceVersion "1"]
[SourceVersionDate "1999.02.01"]
[SourceQuality "1"]
[WhiteTeam "Andernach"]
[BlackTeam "Godesberg"]
[WhiteTeamCountry "GER"]
[BlackTeamCountry "GER"]

1. Nf3 d5 2. g3 c5 3. Bg2 g6 4. c3 Bg7 5. d4 cxd4 6. cxd4 Nc6 7. Nc3 e6 $1 $11
8. Bg5 (8. O-O Nge7 9. Bf4 O-O 10. Qd2 Nf5) 8... Nge7 (8... Qb6 9. Na4 Qb5 10.
O-O h6 11. Bc1 Nge7 12. b3 Nf5 13. e3 O-O 14. Ba3 Re8 15. Rc1 $14) 9. Qd2 h6
10. Bxe7 Qxe7 11. Rc1 (11. O-O b6) 11... O-O 12. O-O Bd7 13. e3 Rac8 (13...
Rfc8 $142 14. Ne1 $140 Qd8 15. Nd3 Na5) 14. Ne1 b6 15. Nd3 Na5 16. Rc2 Qd6 17.
b3 Rc7 18. Rfc1 Rfc8 19. Bf1 $5 {xa6} Be8 $6 (19... Bc6 20. Ne1 Bb7) 20. Ne1
Qd8 $6 (20... Qb4 $5 21. Ba6 Nb7 22. Nd3 Qa5) 21. Ba6 Nb7 22. Nd3 Bf8 23. b4
$36 Rb8 $8 (23... Bd6 24. Nxd5 $18) 24. Nb5 Rxc2 $2 (24... Bxb5 $142 25. Bxb5 (
25. Rxc7 Bxa6 26. Ne5 Nd6 27. Rxa7 Bb7) 25... Rbc8 26. Ba6 Rxc2 27. Rxc2 Rxc2
28. Qxc2 Nd6) 25. Qxc2 Bxb5 26. Bxb5 Nd6 (26... a5 27. Ne5) 27. Ba6 $16 Qe8 28.
Qc7 (28. Ne5 b5 29. Qc7 Rd8 $1 (29... Nc4 $2 30. Nd7) 30. Qxa7 $140 Ra8 31. Qb6
Nc4) 28... Ra8 29. Rc6 Ne4 30. a3 $6 (30. b5 $1 $16 Qe7 $140 31. Qxe7 Bxe7 32.
Rc7 Ba3 (32... Bd6 33. Rd7 Kf8 34. Bb7 (34. f3 Ke8) 34... Rb8 35. Bc6 $18) 33.
Bb7 Re8 34. Bc6 Re7 35. Bd7 Nf6 36. Rxa7) 30... Rd8 $1 31. Bb5 Rd7 32. Qc8 (32.
Rxe6 $2 Rxc7 33. Rxe8 Nd6) (32. Qf4 Qd8 33. Ne5 Rc7 $11 {Lautier}) 32... Qxc8
$8 (32... Rd8 $2 33. Qb7 Rd7 34. Rxe6 Rxb7 35. Rxe8 Nd6 36. Ba6 $18) 33. Rxc8
Re7 $11 34. Rc6 (34. Ba6 Nd6 35. Rc6 Ne8 $11) 34... Nf6 35. Ba6 (35. Ne5 Nd7)
35... Ne8 36. Ne5 Rc7 37. Bd3 Bd6 1/2-1/2

[Event "Olympiad-23"]
[Site "Buenos Aires"]
[Date "1978.11.08"]
[Round "13"]
[White "Portisch, Lajos"]
[Black "Dzindzichashvili, Roman"]
[Result "1-0"]
[WhiteElo "2630"]
[BlackElo "2550"]
[Annotator "Cvetkovic"]
[PlyCount "52"]
[EventDate "1978.10.25"]
[EventType "team-swiss"]
[EventRounds "14"]
[EventCountry "ARG"]
[SourceTitle "EXT 2000"]
[Source "ChessBase"]
[SourceDate "1999.11.16"]
[SourceVersion "1"]
[SourceVersionDate "1999.11.16"]
[SourceQuality "1"]
[WhiteTeam "Hungary"]
[BlackTeam "Israel"]
[WhiteTeamCountry "HUN"]
[BlackTeamCountry "ISR"]

{Inf.26/4} 1. Nf3 b6 2. g3 Bb7 3. Bg2 e5 4. d3 g6 5. e4 Bg7 6. h4 h5 7. c4 Ne7
8. Nc3 c5 9. a3 Nbc6 10. Rb1 $14 {|^<< ץb7} Nd4 11. Nxd4 cxd4 12. Nd5 Nxd5 13.
exd5 $1 d6 14. O-O O-O 15. b4 Bc8 16. a4 Bg4 17. Qc2 Qd7 18. Kh2 $16 {[>< Bg4]}
f5 $2 19. f3 f4 20. fxg4 fxg3+ 21. Kg1 Rxf1+ (21... Qxg4 22. Bg5 $16) 22. Bxf1
Rf8 23. Qg2 Qxg4 24. Bg5 Rf2 25. Qe4 Qd7 26. Qxg6 $1 Qxa4 (26... Qxa4 27. Bh6)
1-0

[Event "Biel"]
[Site "Biel"]
[Date "1986.07.22"]
[Round "3"]
[White "Hort, Vlastimil"]
[Black "Lobron, Eric"]
[Result "1/2-1/2"]
[WhiteElo "2545"]
[BlackElo "2515"]
[Annotator "Dolmatov,S"]
[PlyCount "122"]
[EventDate "1986.07.20"]
[EventType "tourn"]
[EventRounds "11"]
[EventCountry "SUI"]
[EventCategory "12"]
[SourceTitle "MCL"]
[Source "ChessBase"]
[SourceDate "1999.07.01"]
[SourceVersion "1"]
[SourceVersionDate "1999.07.01"]
[SourceQuality "1"]

1. e4 c5 2. Nf3 e6 3. d3 Nc6 4. g3 g6 5. Bg2 Bg7 6. O-O Nge7 7. Re1 O-O 8. c3
e5 9. a3 (9. Be3 d6 10. d4 $2 exd4 11. cxd4 Bg4 $17) 9... d6 10. b4 h6 11. Nbd2
Be6 12. Rb1 Qd7 13. b5 Na5 14. d4 Rac8 (14... cxd4 $6 15. cxd4 exd4 16. Qa4 b6
17. Nxd4 $16) 15. Qa4 b6 16. Bb2 g5 17. d5 Bh3 (17... Bg4 $6 18. c4 f5 19. h3
fxe4 20. Nxg5 $16) 18. c4 Ra8 19. Bc3 Nb7 20. Qc2 Bxg2 21. Kxg2 f5 22. exf5
Nxf5 23. Ne4 Rf7 24. Qd3 Raf8 25. Nfd2 Nd4 26. Bxd4 (26. a4 Nf3 27. Nxf3 Rxf3
28. Re3 g4 $132) 26... cxd4 27. f3 Bf6 28. Re2 Bd8 29. Rf1 h5 30. Ref2 Qf5 31.
Kh1 Kh7 32. Qe2 Qg6 33. Nb3 Rf5 34. Nbd2 (34. Nc1 Na5 $5 $132 (34... g4 35. Nd3
gxf3 36. Rxf3 Qg4 37. Kg2 $14 {/\h3})) 34... Be7 35. a4 Nd8 36. Ra1 Nf7 37. a5
Bd8 38. a6 Nh6 39. Raf1 Be7 40. Kg1 R5f7 41. g4 h4 42. Rc1 Rf4 43. h3 Ng8 44.
Rff1 Nf6 45. Nf2 Nd7 $10 46. Nd3 Nc5 47. Nxc5 bxc5 48. Ne4 Bd8 49. Kg2 Bb6 50.
Ra1 Kh6 51. Ra3 Rd8 52. Re1 Rff8 53. Qd2 Rf4 54. Nf2 Rdf8 55. Re4 R4f6 56. Re1
Rf4 57. Qd3 Qxd3 58. Rxd3 Rd8 59. Ne4 Kg6 60. Ra3 Rd7 61. Nd2 Rf8 1/2-1/2

[Event "YUG-chT"]
[Site "Tivat"]
[Date "1995.??.??"]
[Round "5"]
[White "Damljanovic, Branko"]
[Black "Bjelajac, Milan"]
[Result "1/2-1/2"]
[WhiteElo "2555"]
[BlackElo "2380"]
[Annotator "Dolmatov,S"]
[PlyCount "115"]
[EventDate "1995.??.??"]
[EventType "team-swiss"]
[EventRounds "11"]
[EventCountry "YUG"]
[SourceTitle "CBM 048 Extra"]
[Source "ChessBase"]
[SourceDate "1995.11.01"]
[SourceVersion "1"]
[SourceVersionDate "1995.11.01"]
[SourceQuality "1"]

1. Nf3 f5 2. g3 Nf6 3. Bg2 g6 4. b3 (4. d3 Bg7 5. Nbd2 d6 6. O-O O-O 7. e4 e5
$10) 4... Bg7 5. Bb2 O-O 6. O-O Nc6 $6 (6... d6 7. d4 c6 8. Nbd2 Nh5 9. e4 f4
$13) 7. d4 Ne4 8. Qc1 (8. Ne5 $6 Nxe5 9. dxe5 d5) 8... e6 (8... d6 9. d5 $40)
9. c4 Qe7 (9... d6 $5 10. d5 exd5 11. cxd5 Ne5 12. Nxe5 dxe5 13. Bxe4 fxe4 14.
Nc3 Bh3 15. Rd1 Bf5 16. Qe3 $14) 10. Ne5 d6 (10... Nd8 $5 11. f3 Nf6 12. e4 d6
13. Nd3 fxe4 14. fxe4 e5 15. dxe5 dxe5 16. Ba3) 11. Nxc6 bxc6 12. Nd2 Nxd2 13.
Qxd2 $14 Bd7 14. Qa5 Qd8 15. Rad1 g5 (15... Qb8 16. c5 $16) (15... Rb8 $5 {/\c5
}) 16. f4 gxf4 17. Rxf4 d5 18. Bc1 $16 Bh6 19. Rf2 Bxc1 20. Rxc1 Rf7 21. cxd5 (
21. Rf4 $5) 21... exd5 22. Rcf1 (22. Rf4 Qe7) (22. Qd2) 22... Qf6 23. Rf4 Qd6
24. Bh3 Re8 25. R1f2 Rfe7 26. Qd2 Qg6 27. Bf1 (27. Bxf5 Bxf5 28. Rxf5 Rxe2 29.
Rxe2 Rxe2 30. Qxe2 Qxf5 31. Qe8+ Kg7 32. Qxc6 Qb1+ 33. Kg2 Qxa2+ 34. Kh3 $16)
27... Bc8 28. R2f3 Re4 (28... Ba6 $5 29. Rxf5 (29. e3 Bxf1 30. Kxf1 Re4 $16)
29... Bxe2 30. Rf2 h6) 29. e3 Qe6 30. Kf2 Qh6 31. h4 Qd6 32. Qc1 Kg7 33. Bd3 h6
34. Kg2 (34. Bxe4 $2 dxe4) 34... Rxf4 35. Rxf4 Rf8 36. Kf2 Rf6 37. Qc5 a6 38.
b4 Rf8 39. a3 (39. Qa5 Re8 40. a3 Qe7 41. Rf3 f4 42. gxf4 Qxh4+ 43. Rg3+ Kh8
44. Qxc7 $16) 39... Qxc5 40. dxc5 $2 (40. bxc5 $5 a5 41. Ke2 Bd7 42. Rf1 Rb8
43. Rb1 Rxb1 44. Bxb1 $18) 40... h5 $1 41. Be2 Kg6 42. g4 $2 (42. a4 Re8 43.
Bd3 Re7 44. g4 hxg4 45. Rxg4+ Kf6 46. Rf4 $16) 42... hxg4 43. Bxg4 Bd7 44. Be2
Ra8 45. Rf3 (45. Rd4 a5 46. b5 cxb5 47. Rxd5 Bc6 $132) (45. a4 $6 a5 46. b5
cxb5 47. axb5 a4 48. c6 Be6) 45... a5 46. Rg3+ Kh7 47. Kf3 $6 (47. Rg1 $5 axb4
48. axb4 Ra4 49. Rb1 Kg6 50. Kg3 Kf6 51. Kf4 $14) 47... axb4 48. axb4 Ra2 (
48... Rb8 $10) 49. Rg2 Rb2 50. Kf4 Rxb4+ 51. Kg5 Re4 $10 52. Kf6 Re6+ 53. Kf7
Rxe3 54. Rg7+ Kh6 55. Rg6+ Kh7 56. Rg7+ Kh6 57. Rg6+ Kh7 58. Rg7+ 1/2-1/2

[Event "Bundesliga 1920"]
[Site "Germany"]
[Date "2020.02.23"]
[Round "8.5"]
[White "Vallejo Pons, Francisco"]
[Black "Edouard, Romain"]
[Result "1-0"]
[WhiteElo "2694"]
[BlackElo "2635"]
[Annotator "Edouard,R"]
[PlyCount "55"]
[EventDate "2019.11.23"]
[EventType "team-tourn"]
[EventRounds "15"]
[EventCountry "GER"]
[SourceTitle "CBM 195 Extra"]
[Source "ChessBase"]
[SourceDate "2020.05.31"]
[SourceVersion "1"]
[SourceVersionDate "2020.05.31"]
[SourceQuality "1"]
[WhiteTeam "Baden-Baden"]
[BlackTeam "Werder Bremen"]
[WhiteTeamCountry "GER"]
[BlackTeamCountry "GER"]

1. Nf3 c5 2. b3 Nc6 3. Bb2 d6 $5 {Just a move amongst others. Black wants to
play ...e5.} 4. d4 ({Usually top players prefer to try} 4. e3 {which leads to
complicated positions:} e5 5. d4 (5. Bb5 Bd7 6. O-O Nf6 7. d4 cxd4 8. exd4 e4
9. d5 exf3 10. dxc6 bxc6 11. Re1+ Be7 12. Bxf6 gxf6 13. Bd3 fxg2 $13 {1-0 (38)
Nakamura,H (2745)-Nepomniachtchi,I (2776) Internet 2020}) 5... cxd4 6. exd4 e4
7. Nfd2 d5 8. Be2 (8. c4 Nf6 9. cxd5 Qxd5 10. Nc3 Qxd4 11. Be2 Bb4 12. Rc1 e3
13. fxe3 Qxe3 14. Nc4 Qe7 15. O-O O-O $17 {0-1 (60) Dubov,D (2703)-Ponkratov,P
(2628) Sochi 2018}) 8... f5 (8... Qg5 $5) 9. O-O Nf6 10. c4 Bd6 11. Nc3 Nxd4 $6
(11... O-O $5 12. Nxd5 Nxd5 13. cxd5 Ne7 14. Nc4 Nxd5 15. Nxd6 Qxd6 16. a4 Qg6
$132) 12. Nxd5 Nxd5 13. cxd5 Nxe2+ 14. Qxe2 O-O 15. Nc4 $14 {1-0 (47)
Shariyazdanov,A (2526)-Ponkratov,P (2628) Sochi 2018}) 4... cxd4 5. Nxd4 e5 ({
There was nothing wrong with the simple} 5... Nf6) 6. Nxc6 bxc6 7. g3 Be6 {
The start of an over-ambitious plan.} (7... Nf6 8. Bg2 Qc7 9. c4 Bf5 $1 {
(preventing Qc2 or Qd3)} 10. O-O Be7 11. Nc3 O-O 12. e4 Be6 {should be about
equal.}) 8. Bg2 Rc8 9. c4 f5 $6 {There was no reason to play such a risky move.
} (9... Nf6 10. O-O Be7 11. c5 d5 12. Bxe5 Bxc5 $11) 10. O-O Nf6 11. c5 (11.
Nd2 $1 Be7 (11... e4 12. c5 d5 13. b4 Be7 14. Nb3 $14) 12. c5 d5 13. Bxe5 Bxc5
14. Nf3 {and with the f7-pawn now on f5, White may have a very slight plus.})
11... e4 $6 (11... d5 12. Bxe5 Bxc5 {was just fine. Black didn't have to lose
a tempo playing ...Be7 and then ...Bxc5.}) 12. cxd6 (12. Nd2 $5 {was possibly
stronger:} d5 (12... dxc5 13. Qc2 $44) 13. b4 $14) 12... Bxd6 13. Bxf6 $6 {
The natural move, but perhaps not the best.} (13. Nd2 $5) 13... gxf6 14. Nc3 (
14. Nd2 h5 $1 $13) 14... c5 $6 (14... Be5 $5 15. Qc2 Kf7 {and I don't even
think Black is worse.}) (14... h5 $5) 15. Rc1 O-O 16. Bh3 Qd7 17. Nd5 (17. e3 {
with ideas of Ne2 or Nb5 worried me a bit. Black can simplify the position with
} c4 {but I'm always I'll always end up a little worse due to my weakness on
f5.}) 17... f4 $4 {Totally blundering my opponent's next move! Morning game!} (
17... Rcd8 {was a forced draw:} 18. Ne3 (18. Nf4 Bxf4 19. Qxd7 Rxd7 20. gxf4
Rd2 $11) 18... f4 (18... Qe8 $5) 19. Bxe6+ ({we both missed} 19. Nf5 $5 {
but after} e3 $1 $132 {te postion is definitely unclear.}) 19... Qxe6 20. Qd5
Qxd5 21. Nxd5 fxg3 22. fxg3 Be5 $1 23. Ne7+ Kf7 24. Nc6 Bd4+ $1 25. Nxd4 (25.
Kg2 Rd6 $11) 25... cxd4 26. Rc7+ Ke6 27. Rxa7 Ra8 $44) 18. Nxf4 {It's game
over already...} Bxh3 (18... Bxf4 19. Qxd7 Bxd7 20. Bxd7 Bxc1 21. Bxc8 $18) 19.
Nxh3 Qe6 20. Kg2 e3 21. fxe3 Rfd8 22. Qc2 c4 23. bxc4 Ba3 24. Rcd1 Re8 (24...
Rxd1 25. Rxd1 Qxc4 26. Rd8+ $1 $18) 25. Nf4 Qxc4 26. Qxc4+ Rxc4 27. Nd5 Bb2 28.
Rd2 1-0

[Event "Tata Steel-A 78th"]
[Site "Wijk aan Zee"]
[Date "2016.01.29"]
[Round "11"]
[White "Van Wely, Loek"]
[Black "Navara, David"]
[Result "1/2-1/2"]
[WhiteElo "2640"]
[BlackElo "2730"]
[Annotator "Ftacnik,L"]
[PlyCount "74"]
[EventDate "2016.01.16"]
[EventType "tourn"]
[EventRounds "13"]
[EventCountry "NED"]
[EventCategory "20"]
[SourceTitle "CBM 171"]
[Source "ChessBase"]
[SourceDate "2016.03.14"]
[SourceVersion "2"]
[SourceVersionDate "2016.03.14"]
[SourceQuality "1"]

1. Nf3 c5 2. g3 Nc6 3. Bg2 g6 4. d4 cxd4 5. Nxd4 Bg7 6. Nb3 d6 7. O-O h5 {
Black is not experiencing any opening problems so he tries to complicate
matters in order to beat his less highly rated opponent.} 8. h3 $6 {Van Wely
is solving the problem of a possible opening of the h-file in truly
second-rate fashion. The defender is generally encouraged not to accept the
idea to shaping his play around the ideas of his opponent. If one deems the
action necessary it should be the best reaction, which was probably 8.h4.} (8.
c4 h4 9. c5 hxg3 10. hxg3 Bh3 11. Bxh3 Rxh3 12. cxd6 Nf6 13. Kg2 Rh5 14. Rh1
Rxh1 15. Qxh1 Qxd6 16. Bh6 Qd5+ 17. f3 Bxh6 18. Qxh6 O-O-O 19. Nc3 Qe5 $15 {
1/2 (36) Demuth,A (2460)-Dgebuadze,A (2563) Erts La Massana 2012}) (8. h4 g5 (
8... Nf6 9. Nc3 O-O 10. Bg5 Bg4 11. f3 Be6 12. e4 Bc4 13. Re1 d5 14. e5 Nh7 15.
Bf4 e6 16. Nc5 Rc8 17. Kh1 Qc7 18. Nd3 Bxd3 19. cxd3 Bxe5 20. Rxe5 Nxe5 21. d4
f6 22. dxe5 fxe5 23. Bh6 $16 {0-1 (50) Serov,M (2352)-Maletin,P (2557) Budva
2009}) (8... Nh6 9. Nc3 Nf5 10. e4 Nfd4 11. Nxd4 Bxd4 12. Nd5 Bg4 13. Qd3 Qd7
14. c3 Bg7 15. f4 f5 16. Ne3 O-O-O 17. Nxg4 hxg4 18. Be3 Kb8 19. Rad1 $14 {
1-0 (35) Burmakin,V (2605)-Teske,H (2523) Sort 2009}) 9. Bxg5 Bxb2 10. N1d2
Bxa1 11. Qxa1 f6 12. c4 Be6 13. Nd4 Nxd4 14. Qxd4 Rb8 15. Rb1 b6 16. Rb3 Bf7
17. Bd5 Rh7 18. Ne4 {0-1 (45) Dilanian,G (2315)-Minasian,A (2558) Jermuk 2011}
Rc8 $15) 8... Be6 (8... h4 9. g4 f5 10. gxf5 Bxf5 11. e4 Be6 12. f4 Qd7 13. Qf3
g5 14. fxg5 Ne5 15. Qe3 Nc4 16. Qf2 O-O-O 17. Qxa7 Bxh3 18. Na5 Nxa5 19. Qa8+
Kc7 20. Qxa5+ Kb8 21. Bxh3 Qxh3 22. Qxd8+ Ka7 23. Qa5+ Kb8 24. Rf2 {0-1 (35)
Kempinski,R (2590)-Moldovan,D (2446) Neustadt an der Weinstrasse 2008} (24.
Rf8+ $1 Bxf8 25. Qd8+ Qc8 26. Qxc8+ Kxc8 27. Be3 $16) 24... Bd4 $11) 9. e4 (9.
N1d2 Qd7 10. Kh2 h4 11. g4 Nh6 (11... f5 12. g5 Bf7 13. f4 e5 14. e4 O-O-O 15.
exf5 gxf5 16. fxe5 Bxe5+ 17. Kg1 Nge7 18. Qe2 f4 19. Nc4 Ng6 $17 {1/2 (19)
Petrosian,T (2597)-Mirumian,V (2504) Yerevan 2010}) 12. Ne4 Bc4 13. Kh1 f5 14.
gxf5 gxf5 15. Ng5 Bf6 16. f4 O-O-O 17. Nd2 Bg8 18. Ndf3 Qe8 19. Qe1 e5 20. e4
Kb8 21. c3 Bc4 $15 {0-1 (37) Medvegy,Z (2537)-Gonda,L (2552) Gyula 2013}) 9...
Qd7 10. Kh2 f5 $1 {Navara has every right to try using his speedy development
for active operations on the kingside. It makes sense to point out that even
the more peaceful approach with long castling was already pleasant for him.} (
10... O-O-O 11. Nc3 Kb8 12. Re1 Nf6 $15) 11. exf5 (11. Nc3 h4 $1 12. exf5 hxg3+
13. fxg3 Bxf5 $17) 11... gxf5 12. N1d2 (12. Qf3 Nf6 13. Nc3 Ng4+ 14. Kg1 Nge5
15. Qe3 h4 $17) 12... h4 $1 {White has clearly not solved the issue of
safeguarding his kingside to his full satisfaction.} 13. gxh4 (13. Nf3 hxg3+
14. fxg3 f4 15. Ng5 fxg3+ 16. Kg1 Be5 $17) 13... Nf6 (13... Rxh4 14. Nf3 Rh8
15. Ng5 Bc4 16. Re1 $15) 14. Nf3 Ne4 15. Bg5 $2 {Every good chess book will
ask you to develop the pieces as quickly as possible. Unfortunately there are
many exceptions to the chess rules and in this special case White could have
done better with the semi-active move 15.Ng5!} (15. Ng5 $1 Rxh4 16. f3 Be5+ 17.
Kg1 Ng3 $17) 15... Bc4 (15... Bxb2 $5 16. Rb1 Bg7 (16... Nc3 $2 17. Nc5 $1 $11)
17. Nfd4 Nxd4 18. Nxd4 Bc4 $17) 16. Re1 Bxb2 {Navara has reached a very
promising position with many options. It is much easier to judge the merit of
his choices afterwards with a help of solid chess engine.} (16... Nxf2 $1 17.
Qc1 Ne4 18. Nfd2 Be5+ 19. Kg1 Nxg5 20. Nxc4 Ne4 $17) 17. Nbd2 (17. Nfd2 Nxg5
18. Nxc4 Bxa1 19. hxg5 Bc3 20. Bxc6 bxc6 21. Re3 d5 $17) 17... Nc3 {The
downside of this decision will be the extremely complicated nature of the
position, the factor that makes the sound conversion of material advantage
somewhat problematic.} (17... Nxg5 18. hxg5 Bf7 19. Rb1 Bc3 $17) 18. Nxc4 Nxd1
19. Raxd1 Bg7 (19... Qc7 20. Nxb2 O-O-O 21. Nc4 $14) 20. Nxd6+ (20. Rxd6 Qc7
21. Kg1 Rd8 $17) 20... Kf8 21. Nb5 Qc8 22. Bf4 Bf6 {The great critical
position of the middlegame was really complicated so it is no wonder that the
stronger side had problems to find the cryptic move 22...Rh7! that was
reportedly best.} (22... Rh7 $1 23. Ng5 Rh6 24. Nf3 Re6 25. Ng5 Rxe1 26. Rxe1
e5 27. Bd5 Ke7 $17) 23. Nc7 (23. Kg1 Kf7 24. Ng5+ Kg6 $17) 23... e5 (23... Rb8
24. Ne6+ Kg8 25. Bg3 $13) 24. Nxe5 $6 {[%mdl 64] Van Wely is the other
confused player and his choice of recapturing on e5 is second-rate.
Surprisingy enough it could have been the rook aiming at e5 when the position
would become fairly even.} (24. Rxe5 $1 Nxe5 (24... Qxc7 25. Rxf5 Qf7 26. Rd6
Kg7 27. Bg5 Be5+ 28. Rxe5 Nxe5 29. Nxe5 Qxf2 30. Rg6+ Kh7 31. Rh6+ $11) 25.
Nxe5 Rh7 (25... Qxc7 26. Ng6+ Kg7 27. Bxc7 Kxg6 28. Bxb7 Rae8 $14) (25... Bxe5
26. Bxe5 Rxh4 27. Bd5 Re4 28. Bxe4 fxe4 29. Nxa8 $11) 26. Ng6+ Kg7 27. Bd5 Bg5
28. hxg5 Kxg6 29. Nxa8 Qxc2 (29... Qxa8 30. Re1 $18) 30. Rd2 Qa4 31. Be3 $11)
24... Bxe5 (24... Nxe5 25. Rxe5 Rxh4 26. Re8+ Qxe8 27. Nxe8 Rxe8 28. Kg3 Rh7
29. Rd5 $15) 25. Rxe5 Nxe5 (25... Qxc7 $2 26. Rxf5+ Qf7 27. Rxf7+ Kxf7 28. Rd7+
Ke6 29. Rxb7 $18) 26. Bxe5 Rh7 (26... Rxh4 27. Bd5 Re4 28. Bxe4 fxe4 29. Nxa8
Qxc2 30. Rg1 Qxf2+ 31. Rg2 $11) 27. Nxa8 $2 {All chessplayers have a tendency
to be greedy and the respect for material distorts many decisions. White
should have believed that his piece activity would promise him enough
compensation and counterplay.} (27. Bd6+ $1 Kf7 28. Be5 Kf8 (28... a6 29. Nxa8
Qxa8 30. Rd7+ Kg6 31. Rd6+ Kf7 32. Rd7+ $11) 29. Bd6+ $11) 27... Qxa8 28. c4
Qc8 $6 {The final weak moments come from Black; after a tiring struggle Navara
loses the concentration necessary for finishing the job.} (28... Qe8 $1 29.
Bd6+ (29. f4 Rxh4 30. Rb1 b6 $17) 29... Kg8 30. Bd5+ Kh8 31. Rg1 Rg7 32. Rg5
Kh7 $17) 29. Bd6+ Kf7 (29... Ke8 $1 30. c5 Qd8 $17) 30. Bd5+ Kf6 31. Re1 $1 {
White's pieces represent a model of coordination, Black is unable to get any
chance of a win despite his material advantage.} Qd7 32. Be5+ Ke7 (32... Kg6 $2
33. Rg1+ $18) 33. Bf4+ Kd8 34. Bg5+ Kc7 35. Bf4+ Kd8 (35... Kb6 36. Rb1+ Ka6
37. Rxb7 Qxb7 38. Bxb7+ Kxb7 39. Kg3 $14) 36. Bg5+ Kc7 37. Bf4+ Kd8 1/2-1/2

[Event "Interpolis-01"]
[Site "Tilburg"]
[Date "1977.09.27"]
[Round "4"]
[White "Timman, Jan H"]
[Black "Kavalek, Lubomir"]
[Result "1/2-1/2"]
[WhiteElo "2590"]
[BlackElo "2545"]
[Annotator "Ftacnik,L"]
[PlyCount "52"]
[EventDate "1977.09.23"]
[EventType "tourn"]
[EventRounds "11"]
[EventCountry "NED"]
[EventCategory "14"]
[SourceTitle "MCL"]
[Source "ChessBase"]
[SourceDate "1999.07.01"]
[SourceVersion "1"]
[SourceVersionDate "1999.07.01"]
[SourceQuality "1"]

1. e4 c5 2. Nf3 e6 3. d3 Nc6 4. g3 g6 5. Bg2 Bg7 6. O-O Nge7 7. c3 e5 (7... O-O
8. Be3 b6 9. d4 $14) 8. a3 O-O 9. b4 d6 10. Nbd2 b6 11. Nc4 a6 $6 (11... Be6
12. Ne3 a6) 12. bxc5 bxc5 $6 (12... dxc5 13. Rb1 b5 14. Ne3 h6 15. Qc2 Be6 $10)
13. Rb1 Na5 (13... Rb8 14. Rxb8 Nxb8 15. d4 $14) 14. Nxa5 Qxa5 15. Nd2 Be6 (
15... Qxc3 16. Nc4 Rd8 17. Bb2 $18) 16. Nc4 Qc7 (16... Bxc4 17. dxc4 Rfd8 (
17... Qxc3 18. Qxd6 Rfe8 19. Bg5 Bf8 20. Rb7 $16) 18. Qd3 Qa4 19. f4 $36) 17.
Bg5 f6 18. Bd2 Rfb8 19. Qa4 Bf8 (19... Bd7 20. Rxb8+ Rxb8 21. Qxa6 Bb5 22. Qxd6
Qxd6 23. Nxd6 Bxd3 24. Ra1 $16) 20. Rxb8 Qxb8 21. f4 Kg7 22. f5 $6 (22. Qc2
$142 $16) 22... Bf7 23. g4 gxf5 24. gxf5 Ra7 25. Kh1 Kh8 26. d4 Ng8 $13 1/2-1/2

[Event "Copenhagen Open-03 (Politiken Cup-02)"]
[Site "Copenhagen"]
[Date "1981.06.29"]
[Round "9"]
[White "Ravikumar, Vaidyanathan"]
[Black "Kirov, Nino"]
[Result "1-0"]
[WhiteElo "2325"]
[BlackElo "2475"]
[Annotator "Ftacnik,L"]
[PlyCount "65"]
[EventDate "1981.06.20"]
[EventType "swiss"]
[EventRounds "10"]
[EventCountry "DEN"]
[SourceTitle "EXT 2000"]
[Source "ChessBase"]
[SourceDate "1999.11.16"]
[SourceVersion "1"]
[SourceVersionDate "1999.11.16"]
[SourceQuality "1"]

1. Nf3 c5 2. g3 Nc6 3. Bg2 g6 4. O-O Bg7 5. c3 e5 6. d3 Nge7 7. a3 O-O 8. e4 d5
9. Nbd2 h6 10. b4 cxb4 11. axb4 Be6 12. b5 Na5 13. Ba3 Re8 14. Re1 Rc8 15. Nxe5
$1 Bxe5 (15... Rxc3 16. Bb4 Bxe5 17. Bxa5 b6 18. Bxc3) (15... dxe4 16. Rxe4 Bf5
17. Re3 Nd5 18. Bxd5 Qxd5 19. c4) 16. exd5 Bxc3 (16... Bxd5 17. Rxe5 Bxg2 18.
Kxg2) (16... Nxd5 17. Rxe5 Nxc3 18. Qf3 $40) 17. dxe6 Qxd3 (17... Bxa1 18. Qxa1
Nd5 (18... Nf5 19. exf7+ Kxf7 20. Rxe8 Kxe8 21. Qe5+ Kd7 22. Ne4 Rc2 23. Bh3) (
18... Qxd3 19. Ne4 Nb3 20. Nf6+ Kh8 (20... Kf8 21. Nd7+ Kg8 22. exf7+ Kxf7 23.
Rxe7+ Rxe7 24. Qf6+ Kg8 25. Qxe7 Qd1+ 26. Bf1) 21. Nxe8+ $3 Nxa1 22. exf7 Qf5
23. Bb2+ Kh7 24. Rxe7) (18... fxe6 19. Rxe6 Qxd3 20. Bxe7) (18... f5 19. Qf6
Rc2 20. Nf3 $16) 19. exf7+ Kxf7 20. Rxe8 Kxe8 21. Qe5+ Ne7 22. Ne4) 18. Ne4 $3
Qxd1 19. Rexd1 Bxa1 (19... fxe6 20. Nxc3 Rxc3 21. Bb4) 20. exf7+ Kxf7 21. Nd6+
Kf8 22. Rxa1 b6 23. Nxc8 Rxc8 24. Re1 Rc7 (24... Re8 25. Bd5 $1) 25. Bd5 $3 Rd7
26. Be6 $1 (26. Bc6 Rc7 27. Bd6 Naxc6 28. Bxc7 (28. bxc6 Rxc6) 28... Nd4) 26...
Rb7 (26... Rc7 27. Bd6 Rb7 28. Bc8) 27. Ba2 Ke8 28. Re6 h5 29. Bd5 Rd7 30. Bc6
Naxc6 31. bxc6 Rc7 32. Bxe7 Rxe7 33. c7 $1 1-0